[Event "WLS-chB 68th"]
[Site "Cardiff"]
[Date "2024.03.30"]
[Round "3"]
[White "Beeston, Darson"]
[Black "McKenna, Joshua"]
[Result "1/2-1/2"]
[WhiteElo "1801"]
[BlackElo "1699"]
[PlyCount "60"]
[EventDate "2024.03.29"]
[EventType "swiss"]
[EventRounds "7"]
[EventCountry "WLS"]
[SourceTitle "CB14_2024"]
[SourceDate "2024.04.01"]
[SourceVersion "1"]
[SourceVersionDate "2024.04.01"]
[SourceQuality "1"]

1. e4 c6 2. d4 d5 3. f3 Qb6 4. Nc3 dxe4 5. fxe4 e5 6. Nf3 exd4 7. Qxd4 Qxd4 8. Nxd4 Ne7 9. Bc4 Nd7 10. Bf4 Ng6 11. Bg3 Bc5 12. Nf3 0-0 13. Rf1 b5 14. Bb3 a5 15. a4 b4 16. Ne2 Ba6 17. Rd1 Nf6 18. e5 Nh5 19. Bf2 Bxf2+ 20. Rxf2 Rad8 21. e6 fxe6 22. Rxd8 Rxd8 23. Ng5 Bc8 24. Nxe6 Bxe6 25. Bxe6+ Kh8 26. Rf7 Nhf4 27. Nxf4 Re8 28. Nxg6+ hxg6 29. Ra7 Rxe6+ 30. Kf2 Re5 1/2-1/2

[Event "Cardiff Welsh op"]
[Site "Cardiff"]
[Date "2023.04.10"]
[Round "6"]
[White "Jakubiak, Krzysztof"]
[Black "Beeston, Darson"]
[Result "0-1"]
[WhiteElo "1585"]
[BlackElo "1523"]
[PlyCount "86"]
[EventDate "2023.04.07"]
[EventType "swiss"]
[EventRounds "7"]
[EventCountry "WLS"]
[SourceTitle "EXT 2024"]
[Source "ChessBase"]
[SourceDate "2023.10.10"]
[SourceVersion "1"]
[SourceVersionDate "2023.10.10"]
[SourceQuality "1"]

1. d4 Nf6 2. c4 g6 3. Nc3 Bg7 4. e4 d6 5. Be2 0-0 6. Be3 e5 7. d5 Nbd7 8. b4 Ne8 9. Nf3 f5 10. Ng5 Nb8 11. h4 h6 12. Nf3 f4 13. Bd2 Nf6 14. Qb3 a5 15. bxa5 Na6 16. Qc2 Nc5 17. a4 Rxa5 18. Bd3 Bd7 19. Nb5 Ra6 20. Bb4 Nxd3+ 21. Qxd3 Bg4 22. Nd2 Nh5 23. Nf3 Qe7 24. Qc2 Rfa8 25. c5 Nf6 26. cxd6 cxd6 27. Qc7 Qxc7 28. Nxc7 Rxa4 29. Rxa4 Rxa4 30. Bxd6 Ra1+ 31. Ke2 Bxf3+ 32. Kxf3 Rxh1 33. Bxe5 Nh5 34. Bxg7 Nxg7 35. d6 Rd1 36. e5 Kf8 37. Kxf4 Kf7 38. Ke4 Ne6 39. Na8 b5 40. Nb6 b4 41. h5 g5 42. Na4 b3 43. Nc3 b2 0-1

[Event "Cardiff Welsh op"]
[Site "Cardiff"]
[Date "2022.04.16"]
[Round "4"]
[White "Beeston, Darson"]
[Black "Liyanage, Hasini Pamuditha"]
[Result "0-1"]
[WhiteElo "1100"]
[BlackElo "1117"]
[PlyCount "72"]
[EventDate "2022.04.15"]
[EventType "swiss"]
[EventRounds "7"]
[EventCountry "WLS"]
[SourceTitle "CBM 207 Extra"]
[Source "ChessBase"]
[SourceDate "2022.05.31"]
[SourceVersion "1"]
[SourceVersionDate "2022.05.31"]
[SourceQuality "1"]

1. d4 Nf6 2. Bf4 g6 3. Nf3 Bg7 4. Nbd2 d6 5. e3 0-0 6. Bc4 Bg4 7. h3 Bxf3 8. Qxf3 d5 9. Bd3 c6 10. 0-0 Qb6 11. b3 Qb4 12. Rfd1 Nh5 13. Bh2 e6 14. a3 Qb6 15. g4 Nf6 16. Be5 Nbd7 17. Qf4 Nxe5 18. dxe5 Nd7 19. Nf3 Qc7 20. c4 Nxe5 21. cxd5 Nxf3+ 22. Qxf3 Bxa1 23. dxc6 Qxc6 24. Be4 Qc3 25. Rd3 Qe1+ 26. Kg2 Rad8 27. Rxd8 Rxd8 28. Bxb7 Rd1 29. Kg3 Be5+ 30. Kh4 Qd2 31. Ba6 Qd8+ 32. g5 h6 33. Qg4 hxg5+ 34. Qxg5 Qxg5+ 35. Kxg5 Rg1+ 36. Kh4 Bf6# 0-1

[Event "Cardiff Welsh op"]
[Site "Cardiff"]
[Date "2022.04.15"]
[Round "1"]
[White "Thomas, Roy"]
[Black "Beeston, Darson"]
[Result "1-0"]
[WhiteElo "1689"]
[BlackElo "1100"]
[PlyCount "109"]
[EventDate "2022.04.15"]
[EventType "swiss"]
[EventRounds "7"]
[EventCountry "WLS"]
[SourceTitle "CBM 207 Extra"]
[Source "ChessBase"]
[SourceDate "2022.05.31"]
[SourceVersion "1"]
[SourceVersionDate "2022.05.31"]
[SourceQuality "1"]

1. f4 c6 2. Nf3 d5 3. e3 Bf5 4. Be2 Nd7 5. 0-0 f6 6. Nc3 Qc7 7. Nd4 Nh6 8. d3 e5 9. Nxf5 Nxf5 10. e4 Bc5+ 11. Kh1 Ne3 12. Bxe3 d4 13. Bd2 dxc3 14. bxc3 0-0 15. f5 Rad8 16. Bh5 b5 17. Qg4 Nb6 18. Rf3 Rd7 19. Rh3 a5 20. Qh4 h6 21. Bg6 b4 22. Bxh6 gxh6 23. Qxh6 Rh7 24. Bxh7+ Kf7 25. Bg6+ Ke7 26. Qg7+ Kd8 27. Qxc7+ Kxc7 28. Rh7+ Kb8 29. cxb4 axb4 30. Rb1 Na4 31. a3 Nc3 32. Rb3 Na2 33. axb4 Nxb4 34. c3 Rd8 35. cxb4 Bb6 36. h4 Rf8 37. h5 Be3 38. Rc3 Rd8 39. h6 Rd4 40. Rb3 Rd8 41. g4 Bd2 42. Kg2 Bf4 43. Kf3 Bd2 44. Ke2 Bf4 45. Rc3 Rd4 46. Rc4 Rd6 47. Rh8+ Kc7 48. h7 Rd7 49. b5 Bh6 50. Rxc6+ Kb7 51. Rb8+ Kxb8 52. h8Q+ Ka7 53. Ra6+ Kb7 54. Qa8+ Kc7 55. Rc6# 1-0

[Event "British Universities-ch"]
[Site "Chess.com INT"]
[Date "2022.03.05"]
[Round "3.3"]
[White "Rogers, Daniel"]
[Black "Beeston, Darson"]
[Result "1-0"]
[WhiteElo "1419"]
[BlackElo "874"]
[PlyCount "101"]
[EventDate "2022.03.05"]
[EventType "swiss"]
[EventRounds "9"]
[EventCountry "ENG"]
[SourceTitle "EXT 2023"]
[Source "ChessBase"]
[SourceDate "2022.10.05"]
[SourceVersion "1"]
[SourceVersionDate "2022.10.05"]
[SourceQuality "1"]
[WhiteTeam "Lincoln"]
[BlackTeam "Swansea II"]
[WhiteTeamCountry "ENG"]
[BlackTeamCountry "WLS"]

1. e4 c6 2. d4 d5 3. exd5 cxd5 4. Bd3 Nf6 5. Nc3 Bg4 6. Be2 Bxe2 7. Qxe2 e6 8. Nf3 Nbd7 9. Bg5 Be7 10. 0-0 0-0 11. Nd1 Rc8 12. Rc1 h6 13. Bh4 Ne4 14. Bxe7 Qxe7 15. c4 Nb6 16. Ne3 Qc7 17. c5 Nd7 18. Rc2 Rfe8 19. Rfc1 e5 20. Qb5 exd4 21. Nxd4 a6 22. Qa4 Ndxc5 23. Qa3 b5 24. b3 Nxf2 25. Rxc5 Qa7 26. Rxc8 Rxc8 27. Rxc8+ Kh7 28. Qc5 Qxc5 29. Rxc5 Nd3 30. Rxd5 Nf4 31. Rd6 Ne6 32. Nxe6 fxe6 33. Rxe6 a5 34. Re5 a4 35. bxa4 bxa4 36. Ra5 g5 37. Rxa4 Kg6 38. Rc4 Kh5 39. a4 g4 40. Nxg4 Kg5 41. a5 h5 42. Nf2 h4 43. a6 h3 44. Nxh3+ Kf5 45. a7 Ke6 46. a8Q Kd6 47. Qa5 Kd7 48. Rb4 Kd6 49. Rb6+ Kd7 50. Qa7+ Kd8 51. Rb8# 1-0